Click the Netflix Shows by First Word Quiz Stats

 Plays Quiz Updated Mar 14, 2019

Score 0/20 Timer 05:00
1 Play Today
% Correct
ORANGE Is the New Black
93%
GILMORE Girls: A Year in the Life
86.3%
STRANGER Things
84.9%
BOJACK Horseman
84.4%
JESSICA Jones
80.5%
GRACE and Frankie
74.8%
UNBREAKABLE Kimmy Schmidt
73.4%
MARCO Polo
69.5%
HOUSE of Cards
68.4%
RUSSIAN Doll
67.6%
% Correct
SEX Education
62.9%
FULLER House
61.8%
LOST in Space
60%
SANTA Clarita Diet
59%
ONE Day at a Time
52.4%
DEAR White People
49.5%
ALEXA & Katie
47.5%
JULIE’S Greenroom
47.5%
LADY Dynamite
46.2%
SEVEN Seconds
32.8%

You're not logged in!

Compare scores with friends on all Sporcle quizzes.
OR
Log In

You Might Also Like...

Show Comments

Extras

Top Quizzes Today


Score Distribution

Your Account Isn't Verified!

In order to create a playlist on Sporcle, you need to verify the email address you used during registration. Go to your Sporcle Settings to finish the process.

Report this User

Report this user for behavior that violates our Community Guidelines.

Details: